Mapping linguistic diversity in multicultural contexts (Record no. 31100)
[ view plain ]
| 000 -LEADER | |
|---|---|
| fixed length control field | 01509nam a2200373 a 4500 |
| 082 04 - DEWEY DECIMAL CLASSIFICATION NUMBER | |
| Classification number | 306.44 |
| 245 00 - TITLE STATEMENT | |
| Title | Mapping linguistic diversity in multicultural contexts |
| 260 ## - PUBLICATION, DISTRIBUTION, ETC. (IMPRINT) | |
| Place of publication | Berlin ; |
| -- | New York : |
| Name of publisher | Mouton de Gruyter, |
| Year of publication | c2008. |
| 300 ## - PHYSICAL DESCRIPTION | |
| Number of Pages | x, 348 p. : |
| Other physical details | ill. |
| 490 1# - SERIES STATEMENT | |
| Series statement | Contributions to the sociology of language ; |
| 650 #0 - SUBJECT ADDED ENTRY--TOPICAL TERM | |
| Topical Term | Linguistic minorities. |
| Topical Term | Cultural pluralism. |
| 700 1# - ADDED ENTRY--PERSONAL NAME | |
| Personal name | Barni, Monica. |
| Personal name | Extra, Guus. |
| 856 40 - ELECTRONIC LOCATION AND ACCESS | |
| Uniform Resource Identifier | http://site.ebrary.com/lib/rucke/Doc?id=10256526 |
No items available.
